Κατάλογος Βιβλιοθηκών Mediterranean College

Η Ανάλυση της Συμπεριφοράς / Θεμελιώδης Συμπεριφορισμός και Μέθοδοι Έρευνας και Βασικές Αρχές Καθορισμού Αντιδράσεων και Δράσεων. (Record no. 3247)

MARC details
000 -LEADER
fixed length control field 01760cam a22001934a 4500
005 - ΗΜΕΡΟΜΗΝΙΑ ΚΑΙ ΩΡΑ ΤΕΛΕΥΤΑΙΑΣ ΕΝΗΜΕΡΩΣΗΣ
Πεδίο ελέγχου 20250605163355.0
008 - FIXED-LENGTH DATA ELEMENTS--GENERAL INFORMATION
Πεδίο ελέγχου σταθερού μήκους 250528s ||||||||||||||||||||||||d
035 ## - SYSTEM CONTROL NUMBER
System control number 17847
020 ## - ISBN
ISBN 9789604420360
040 ## - ΠΗΓΗ ΚΑΤΑΛΟΓΟΓΡΑΦΗΣΗΣ
Φορέας πρωτότυπης καταλογογράφησης MC Athens Campus Library
Γλώσσα καταλογογράφησης Ελληνικά, Μοντέρνα (1453-)
Modifying agency MC Athens Campus Library
Κανόνες περιγραφικής καταλογογράφησης AACR2
245 1# - ΤΙΤΛΟΣ ΚΑΙ ΔΗΛΩΣΗ ΥΠΕΥΘΥΝΟΤΗΤΑΣ
Τίτλος Η Ανάλυση της Συμπεριφοράς / Θεμελιώδης Συμπεριφορισμός και Μέθοδοι Έρευνας και Βασικές Αρχές Καθορισμού Αντιδράσεων και Δράσεων.
Number of part/section of a work Τόμος Α
260 ## - PUBLICATION, DISTRIBUTION, ETC.
Name of publisher, distributor, etc. Ελληνικά Γράμματα,
Date of publication, distribution, etc. 2005
300 ## - PHYSICAL DESCRIPTION
Extent 352
520 ## - SUMMARY, ETC.
Summary, etc. Μια σημαντική έκδοση για επιστήμονες που ασχολούνται με την ερμηνεία φαινομένων σχετικών με την εκπαίδευση, την ψυχοθεραπεία, την ανθρώπινη ανάπτυξη και την καθημερινή κοινωνική ζωή. Πρόλογος, Ο Θεμελιώδης Συμπεριφορισμός και η Περαματική Ανάλυση της Συμπεριφοράς, Η Ανάλυση της Διέργεσης και των Συναισθημάτων και Άλλων Αντιδράσεων, Τα Εξαρτημένα Αντανακλαστικά στην Κλινική Ψυχολογία, Η Ανάλυση των Δράσεων: Η Διαμόρφωση Συμπεριφοράς, Η Συντελεστική Συμπεριφορά στο Πλαίσιο: Αντίληψη και Προσοχή και Έννοια και Αυτογνωσία, Ευρετήριο Όρων και Θεμάτων και Ονομάτων.
700 1# - ΠΡΟΣΘΕΤΗ ΑΝΑΓΡΑΦΗ--ΦΥΣΙΚΟ ΠΡΟΣΩΠΟ
Personal name Μέλλον Ρόμπερτ
942 ## - ADDED ENTRY ELEMENTS (KOHA)
Koha item type Books
Holdings
Τύπος τεκμηρίου Βιβλιοθήκη Τρέχουσα τοποθεσία Barcode Αριθμός εισαγωγής Ημερομηνία απόκτησης Ταξιθετικό σύμβολο Αριθμός αντιτύπου Κατάσταση απόσυρσης Κατάσταση χαμένου Κατάσταση κατεστραμμένου Μη δανεισμός Σύνολο δανεισμών Σύνολο ανανεώσεων Ημερομηνία τελευταίας εμφάνισης Χρονολογία τελευταίου δανεισμού Η τιμή ισχύει από
Books MC Athens Campus Library MC Athens Campus Library 9780000032461 7312 05/06/2025 150.1943 MEL V.A 1         1 1 20/11/2025 11/11/2025 05/06/2025

MC Athens Campus Library
Πατησίων 94 & Κοδριγκτώνος 13, 104 34
Πελλήνης 8 & Πατησίων 107, 112 51
Τ: +30 210 8899600

MC Thessaloniki Campus Library
Ίωνος Δραγούμη 21, 54625 | Ίωνος Δραγούμη 15, 54625
Τ: +30 2310 287779 – Τ: +30 2314 440300